Inštitút spoločnosti v kríze v jednoduchej spoločnosti na akcie
Aplikovanie ustanovania právnej úpravy na jeden typ obchodnej spoločnosti, a to jednoduchej spoločnosti na akcie. Analýza údajov z registra účtovných závierok. Skúmanie spoločnosti v kríze z pohľadu účtovníctva obchodnej spoločnosti.
Saved in:
| Main Author: | |
|---|---|
| Format: | Book Chapter |
| Language: | Slovak |
| Subjects: | |
| Tags: |
No Tags, Be the first to tag this record!
|
MARC
| LEADER | 00000naa$a2200000$$$4500 | ||
|---|---|---|---|
| 001 | 0280334 | ||
| 005 | 20240502074342.0 | ||
| 041 | 0 | |a slo | |
| 044 | |a SK | ||
| 245 | 1 | 0 | |a Inštitút spoločnosti v kríze v jednoduchej spoločnosti na akcie |c Lucia Ondrušová |
| 520 | |a Aplikovanie ustanovania právnej úpravy na jeden typ obchodnej spoločnosti, a to jednoduchej spoločnosti na akcie. Analýza údajov z registra účtovných závierok. Skúmanie spoločnosti v kríze z pohľadu účtovníctva obchodnej spoločnosti. | ||
| 610 | 2 | 0 | |a kríza |
| 610 | 2 | 0 | |a akcie |
| 610 | 2 | 0 | |a účtovníctvo |
| 610 | 2 | 0 | |a kapitál |
| 610 | 2 | 0 | |a legislatíva |
| 100 | 1 | |a Ondrušová, Lucia, 1981- | |